One Piece Série Netflix Acteurs/Personnages - Statistiques

Statistiques générales
  • Ce quiz a été pris 64 fois
  • Le résultat moyen est 11 sur 15
Statistiques - réponses
Hint Réponse % Correct
Iñaki Godoy Mokey D. Luffy
100%
Emily Rudd Nami
96%
Mackenyu Roronoa Zoro
96%
Jacob Gibson Usopp
94%
Taz Skylar Vinsmoke Sanji
89%
Morgan Davies Kobby
83%
McKinley Belcher III Arlong
75%
Jeff Ward Baggy le Clown
68%
Vincent Regan Monkey D. Garp
68%
Ilia Isorelýs Paulino Alvida
66%
Alexander Maniatis Kuro
64%
Peter Gadiot Shanks
64%
Steven John Ward Dracule Mihawk
60%
Aidan Scott Hermep
58%
Craig Fairbrass Zeff
58%
Aucun quiz correspondant
Distribution des résultats
% des personnes avec chaque résultat
Percentile par nombre de réponses
Votre historique - résultats
Vous n’avez pas pris ce quiz